Seeing through clothes

Saved in:
Bibliographic Details
Main Author: Hollander, Anne
Format: Book
Language:English
Published: Berkeley : University of California Press, 1993.
Subjects:
Tags: Add Tag
No Tags, Be the first to tag this record!

MARC

LEADER 00000nam a2200000 a 4500
001 1/110924
008 160601s1993####caua||||||||||||| ||eng||
020 |a 9780520082311 
040 |a GR-MyUa  |b gre  |c GR-MyUa  |e AACR2 
041 0 |a eng 
082 7 |a 704.942   |2 (23) 
100 1 |a Hollander, Anne. 
245 1 0 |a Seeing through clothes /   |c Anne Hollander.  
260 |a Berkeley :   |b University of California Press,   |c 1993.  
300 |a xvi, 504 σ. :   |b εικ. ;   |c 23 εκ.  
504 |a Περιέχει βιβλιογραφία και ευρετήριο.  
650 0 |a Clothing and dress in art 
650 0 |a Human figure in art. 
650 0 |a Costume  |x History. 
650 0 |a Art  |x Psychology. 
852 |a INST  |b LESVOS  |e 20160601  |h 704.942 HOL  |p 005100058090  |q 005100058090  |t BK  |y 0 
922 |a 1ΕΛΗ  |b 2016/05  |c Τμήμα Κοινωνικής Ανθρωπολογίας και Ιστορίας  |d Δρες 
970 |a Καμάτσου  |b Δέσποινα  |z 2016-05